| 000 | 00344nam a2200133Ia 4500 | ||
|---|---|---|---|
| 005 | 20251222152608.0 | ||
| 008 | 251222s9999||||xx |||||||||||||| ||spa|| | ||
| 020 | _a8480042826 | ||
| 082 | _a345/B16 | ||
| 100 | _aBajo Fernandez, Miguel | ||
| 245 | 0 | _aCompendio de Derecho Penal | |
| 264 | _bCentro de Estudios Ramón Aceres S.A. | ||
| 942 | _cLIB | ||
| 999 |
_c26854 _d26854 |
||